Changing the properties of metals under conditions of exposure to ionizing radiation; IOP Conference Series: Materials Science and Engineering; Vol. 81 : Radiation-Thermal Effects and Processes in Inorganic Materials
| Parent link: | IOP Conference Series: Materials Science and Engineering Vol. 81 : Radiation-Thermal Effects and Processes in Inorganic Materials.— 2015.— [012061, 6 p.] |
|---|---|
| Հիմնական հեղինակ: | |
| Համատեղ հեղինակ: | |
| Ամփոփում: | Title screen The equation state for metals were provided on the basis of the pseudopotential method when part of the ionic cores further ionized. The isotherms were obtained for different degrees of the atoms ionization on the example of aluminium. The change in the physical properties of metals were analyzed under conditions of excitation by ionizing radiation of the electron subsystem. The interatomic interaction potentials were calculated for the case of a local increase concentration of conduction electrons. Режим доступа: по договору с организацией-держателем ресурса |
| Լեզու: | անգլերեն |
| Հրապարակվել է: |
2015
|
| Խորագրեր: | |
| Առցանց հասանելիություն: | http://dx.doi.org/10.1088/1757-899X/81/1/012061 http://earchive.tpu.ru/handle/11683/14710 |
| Ձևաչափ: | Էլեկտրոնային Գրքի գլուխ |
| KOHA link: | https://koha.lib.tpu.ru/cgi-bin/koha/opac-detail.pl?biblionumber=642974 |
MARC
| LEADER | 00000nla2a2200000 4500 | ||
|---|---|---|---|
| 001 | 642974 | ||
| 005 | 20250512130740.0 | ||
| 035 | |a (RuTPU)RU\TPU\network\7962 | ||
| 035 | |a RU\TPU\network\7951 | ||
| 090 | |a 642974 | ||
| 100 | |a 20150826a2015 k y0engy50 ba | ||
| 101 | 0 | |a eng | |
| 102 | |a GB | ||
| 105 | |a y z 100zy | ||
| 135 | |a drgn ---uucaa | ||
| 181 | 0 | |a i | |
| 182 | 0 | |a b | |
| 200 | 1 | |a Changing the properties of metals under conditions of exposure to ionizing radiation |f S. N. Yanin | |
| 203 | |a Text |c electronic | ||
| 300 | |a Title screen | ||
| 320 | |a [References: 10 tit.] | ||
| 330 | |a The equation state for metals were provided on the basis of the pseudopotential method when part of the ionic cores further ionized. The isotherms were obtained for different degrees of the atoms ionization on the example of aluminium. The change in the physical properties of metals were analyzed under conditions of excitation by ionizing radiation of the electron subsystem. The interatomic interaction potentials were calculated for the case of a local increase concentration of conduction electrons. | ||
| 333 | |a Режим доступа: по договору с организацией-держателем ресурса | ||
| 337 | |a Adobe Reader | ||
| 461 | 1 | |0 (RuTPU)RU\TPU\network\2008 |t IOP Conference Series: Materials Science and Engineering | |
| 463 | 1 | |0 (RuTPU)RU\TPU\network\7891 |t Vol. 81 : Radiation-Thermal Effects and Processes in Inorganic Materials |o International Scientific Conference, 3-8 November 2014, Tomsk, Russia |o [proceedings] |v [012061, 6 p.] |d 2015 | |
| 610 | 1 | |a электронный ресурс | |
| 610 | 1 | |a труды учёных ТПУ | |
| 610 | 1 | |a металлы | |
| 610 | 1 | |a ионизирующие излучения | |
| 610 | 1 | |a псевдопотенциалы | |
| 610 | 1 | |a алюминий | |
| 610 | 1 | |a электронная проводимость | |
| 700 | 1 | |a Yanin |b S. N. |c physicist |c Professor of Tomsk Polytechnic University, doctor of physical and mathematical Sciences |f 1958- |g Sergey Nikolaevich |3 (RuTPU)RU\TPU\pers\35099 |9 18374 | |
| 712 | 0 | 2 | |a Национальный исследовательский Томский политехнический университет |c (2009- ) |9 26305 |
| 801 | 2 | |a RU |b 63413507 |c 20161212 |g RCR | |
| 850 | |a 63413507 | ||
| 856 | 4 | |u http://dx.doi.org/10.1088/1757-899X/81/1/012061 | |
| 856 | 4 | |u http://earchive.tpu.ru/handle/11683/14710 | |
| 942 | |c CF | ||